KRAJI_13 - Štajerska, Prekmurje - JZ del - Statistics

General Stats
  • This quiz has been taken 129 times
  • The average score is 12 of 14
Answers on the Map
Answers color-coded by a green-red scale on the quiz's map according to % correct below.
 
Answer Stats
Answer % Correct
Kidričevo
95%
Žetale
95%
Slovenska Bistrica
93%
Majšperk
92%
Makole
92%
Podčetrtek
90%
Poljčane
88%
Gruškovje
87%
Podlehnik
83%
Zbelovska Gora
82%
Pragersko
78%
Rogatec
78%
Lipoglav
70%
Šmarje pri Jelšah
70%
No matching quizzes found
Score Distribution
Percent of People with Each Score
Percentile by Number Answered
Your Score History
You have not taken this quiz